Countries by a Single Clue #18 - Statistics

General Stats
  • This quiz has been taken 1,938 times
  • The average score is 15 of 20
Answer Stats
Clue Country % Correct
Claims the territory of Western Sahara, and controls about 70% of it Morocco
96%
Shakira’s home country Colombia
95%
Has 0.62 saunas per capita, the highest ratio in the world Finland
95%
Country which Easter Island is part of Chile
94%
The closest country on the African mainland to Madagascar Mozambique
91%
The only Muslim-majority member of NATO Turkey
88%
Has the second most Olympic medals in the 100 meter dash, trailing only the US Jamaica
87%
Alexander Lukashenko has been the only President in this country's history Belarus
86%
Darfur is a region of this country Sudan
86%
Dominates the manufacture of advanced microchips Taiwan
86%
With a population of about 178 million, it is the most populous country never to win an Olympic medal Bangladesh
82%
About 30% of the population is nomadic or semi-nomadic Mongolia
81%
Notable inventors from this country include Ernő Rubik and László Bíró Hungary
74%
Home to the "Spice Islands", once the only place where nutmeg or clove could be obtained Indonesia
74%
Africa’s largest diamond producer Botswana
70%
Home to a musical style called "narcocorrido" Mexico
70%
Tourists visit this country’s "Pig Beach" to swim with feral pigs Bahamas
51%
In one work of fiction, this country was known as "Airstrip One" United Kingdom
45%
Homeland of the Livonian people, whose language went extinct in 2013 Latvia
42%
70% of its territory is covered by the Karakum Desert Turkmenistan
41%
No matching quizzes found
Score Distribution
Percent of People with Each Score
Percentile by Number Answered
Your Score History
You have not taken this quiz